Malaysia the global competitiveness report 2010-2011.

Bibliographic Details
Format: Book
Published: Petaling Jaya, Selangor: Malaysia Productivity Corporation (MPC), 2010.
LEADER 00335cam a2200097 7i4500
001 0000025470
005 20101223090000.0
245 0 0 |a Malaysia the global competitiveness report 2010-2011. 
260 0 0 |a Petaling Jaya, Selangor:   |b Malaysia Productivity Corporation (MPC),   |c 2010. 
300 # # |a 47 p. 
999 |a 0000028202  |b Book  |c Countries  |e Business Information Centre